Methods of mathematical modelling. Continuous systems and differential equations.

সংরক্ষণ করুন:
গ্রন্থ-পঞ্জীর বিবরন
প্রধান লেখক: Witelski, Thomas (Author), Bowen, Mark (Author)
বিন্যাস: অজ্ঞাত
প্রকাশিত: Cham, Switzerland: Springer, 2015.
মালা:Springer Undergraduate Mathematics Series.
বিষয়গুলি:
অনলাইন ব্যবহার করুন:Disponible Online
ট্যাগগুলো: ট্যাগ যুক্ত করুন
কোনো ট্যাগ নেই, প্রথমজন হিসাবে ট্যাগ করুন!

MARC

LEADER 00000 a2200000 4500
003 CL-VaPUC
005 20230417085622.0
008 221025t2015 ||||| |||| 00| 0 eng d
999 |c 438773  |d 438771 
020 |a 9783319230412 
020 |a 9783319230429 
040 |c Pontificia Universidad Católica de Valparaíso 
082 7 |a 511.8 WIT 2015  |2 22 
100 |a Witelski, Thomas  |9 876738  |e author 
245 |a Methods of mathematical modelling.  |b Continuous systems and differential equations. 
260 |a Cham, Switzerland:  |b Springer,  |c 2015. 
300 |a 305 páginas. 
490 |a Springer Undergraduate Mathematics Series.  
583 |k GC  |c 20221025 
650 |a Modelos matemáticos   |9 259437 
650 |a Cálculo diferencial y ecuaciones  |9 877900 
700 |a Bowen, Mark  |e author  |9 877901 
856 |u http://bibliografiadigital.pucv.cl/index.php/bibliotecapucv/catalog/book/1022  |y Disponible Online  
942 |2 ddc  |c BK 
952 |0 0  |1 0  |2 ddc  |4 0  |6 511_800000000000000_WIT_2015  |7 0  |8 A  |9 587449  |a BIBMAT  |b BIBMAT  |c GEN  |d 2022-10-24  |e 74  |g 46838.00  |i 5655336  |l 2  |o 511.8 WIT 2015  |p 5655336  |r 2025-01-07  |s 2023-04-24  |t 1  |v 46838.00  |w 2022-10-24  |y BK  |k MAT 
952 |0 0  |1 0  |2 ddc  |4 0  |6 511_800000000000000_WIT_2015  |7 0  |8 A  |9 589557  |a BIBMAT  |b BIBMAT  |c ONLINE  |d 2023-04-10  |e 70  |g 34500.00  |i 438773  |o 511.8 WIT 2015  |p 438773  |r 2023-04-10  |t 2  |v 34500.00  |w 2023-04-10  |y EBK  |k MSC